| 000 | 01321cam a2200325 i 4500 | ||
|---|---|---|---|
| 003 | SA-RiAUC | ||
| 005 | 20250709063640.0 | ||
| 008 | 250708s1988 su g 000 0 ara c | ||
| 040 |
_aKW-ShULA _bara _cSA-RiAUC _erda |
||
| 082 | 0 | 4 |
_a212.3 _qSA-RiAUC |
| 090 |
_a212.3 _bا ب ن ا |
||
| 100 | 1 |
_aابن أبي الدنيا، عبد الله بن محمد بن عبيد، _d208-281 هجري _eمؤلف. |
|
| 245 | 1 | 0 |
_aكتاب ذم البغي / _cتأليف ابن أبي الدنيا ؛ تقديم وتحقيق نجم عبد الرحمن خلف. |
| 246 | 3 | 0 | _aذم البغي |
| 250 | _aالطبعة الأولى. | ||
| 264 | 1 |
_aالرياض : _bدار الراية للنشر والتوزيع، _c1988 |
|
| 300 |
_a128 صفحة ؛ _c24 سم |
||
| 336 |
_aنص _btxt _2rdacontent _3كتاب |
||
| 337 |
_aبدون وسيط _bn _2rdamedia |
||
| 338 |
_aمجلد _bnc _2rdacarrier |
||
| 500 | _aكشافات : صفحة 93-107. | ||
| 504 | _aببليوجرافية : صفحة 108-127. | ||
| 650 | 7 |
_aالأخلاق الإسلامية _2aucsh |
|
| 650 | 7 |
_aالتربية الإسلامية _2aucsh |
|
| 650 | 7 |
_aالظلم _2aucsh |
|
| 650 | 7 |
_aالرذائل (إسلام) _2aucsh |
|
| 700 | 1 |
_aخلف، نجم عبد الرحمن _eمقدم. |
|
| 942 |
_2ddc _cBOOK _n0 |
||
| 949 |
_aSA-JeALM _d250708 _uosman123 _n1 |
||
| 999 |
_c9637 _d9637 |
||